Avengers: Endgame (2019) Characters - Statistics

General Stats
  • This quiz has been taken 148 times
  • The average score is 38 of 58
Answer Stats
Hint Answer % Correct
Robert Downey Jr. Iron Man
99%
Scarlett Johansson Black Widow
98%
Chris Evans Captain America
98%
Mark Ruffalo Hulk
98%
Chris Hemsworth Thor
97%
Chadwick Boseman Black Panther
94%
Tom Holland Spider-Man
94%
Paul Rudd Ant-Man
93%
Jeremy Renner Hawk-Eye
93%
Michael Douglas Henry Pym
92%
Vin Diesel Groot
90%
Zoe Saldana Gamora
89%
Chris Pratt Star-Lord
89%
Brie Larson Captain Marvel
88%
Benedict Cumberbatch Doctor Strange
88%
Tom Hiddelston Loki
88%
Gwyneth Paltrow Pepper Potts
88%
Josh Brolin Thanos
88%
Karen Gillan Nebula
86%
Samuel L. Jackson Nick Fury
86%
Don Cheadle War Machine
86%
Bradley Cooper Rocket
85%
Elizabeth Olsen Scarlet Witch
84%
Dave Bautista Drax
80%
Evangeline Lilly The Wasp
79%
Sebastian Stan White Wolf
79%
Anthony Mackie Falcon
78%
Benedict Wong Wong
77%
Michelle Pfierrer Janet Van Dyne
76%
Pom Klementieff Mantis
73%
Letitia Wright Shuri
71%
Tessa Thompson Valkyrie
71%
Natalie Portman Jane Foster
69%
Jon Favreau Happy Hogan
66%
Himself Stan Lee
64%
Danai Gurai Okoye
63%
Cobie Smulders Maria Hill
61%
Jacob Batalion Ned Leeds
61%
Marisa Tomei May Parker
59%
Taika Waititi Korg
58%
Hayley Atwell Peggy Carter
58%
Winston Duke M'Baku
47%
Rene Russo Frigga
46%
Tilda Swinton Ancient One
43%
Seth Green Howard The Duck
40%
Frank Grillo Brock Rumlow
36%
Stellan Skarsgard Erik Selvig
34%
Robert Redford Alexander Pierce
31%
Angela Bassett Ramonda
31%
John Slattery Howard Stark
30%
Sean Gunn Kraglin
30%
Carrie Coon Proxima Midnight
27%
William Hurt Thaddeus Ross
26%
Terry Notary Cull Obsidian
22%
Ty Simpkins Harley Keener
19%
Sylvester Stallone Starfox
14%
Ken Jeong Security Guard
12%
Yvette Nicole Brown Assistant
0%
No matching quizzes found
Score Distribution
Percent of People with Each Score
Percentile by Number Answered
Your Score History
You have not taken this quiz